Jeu vidéo par lettre - A - Statistiques

Statistiques générales
  • Ce quiz a été pris 1 699 fois
    1 503 depuis la dernière actualisation
  • Le résultat moyen est 11 sur 20
Statistiques - réponses
Indices Réponses % Correct
Console portable de Nintendo sortie en 2001 Game Boy {Advance}
86%
Série de jeux d'infiltration développée par Ubisoft Assassin's Creed
85%
Firme américaine leader du marché vidéoludique avant l'arrivée de Nintendo Atari
80%
Lettre grecque associée au saphir dans la licence Pokémon Saphir {Alpha}
80%
Imposteurs et équipiers s'y battent à l'intérieur d'un vaisseau spatial pour leur survie Among Us
78%
Référence du jeu mobile, dans lequel des volatiles affrontent des porcins Angry Bird
77%
Société développant les Call of Duty, Guitar Hero, Tony Hawk's,... Activision
74%
Elément architectural ou borne de divertissement ayant vu naître Pac-Man ou encore Donkey Kong Arcade
73%
Héros de Disney d'Agrabah ayant fait les beaux jours de la Mega Drive Aladdin
66%
Série créée par Nintendo en 2001 dans laquelle vous pourrez rencontré Tortimerla tortue, Marie la chienne, Gulliver le goéland ou encore Ciboulot l'axolotl Animal Crossing
65%
Evolution de l'évolution du Pokémon Kaiminus Aligatueur
60%
Géant de l'e-commerce développant des jeux et même des consoles depuis 2012 Amazon
51%
Saga de Capcom mettant en scène Phoenix Wright, jeune avocat Ace Attorney
47%
Héros de bandes dessinées faisant partie des personnages les plus vidéoludiquement adaptés Astérix
44%
Personnage inédit dans Mario Kart 7, apparaissant dans Super Mario Galaxy Reine des {abeilles}
39%
Jeu de boxe déjanté sorti sur Nintendo Switch en 2017 Arms
37%
Jeu de shoot them up où il faut tirer sur des astéroïdes et soucoupes volantes de 1979 Asteroids
31%
Conducteur de taxi, bus et bateau qui aime pousser la chansonnette dans cette série, son nom désigne le chef suprême des forces navales d'un Etat Amiral
28%
Personnage emblématique de la Master System, ancienne mascotte de Sega Alex Kidd
27%
Jeu de stratégie iconique de cette console, porté sur Nintendo Switch pour 2022 Advance Wars
21%
Aucun quiz correspondant
Distribution des résultats
% des personnes avec chaque résultat
Percentile par nombre de réponses
Votre historique - résultats
Vous n’avez pas pris ce quiz depuis la dernière actualisation